| 000 | 00728nam a22002417a 4500 | ||
|---|---|---|---|
| 005 | 20260624153458.0 | ||
| 008 | 260624b |||||||| |||| 00| 0 eng d | ||
| 020 |
_a9780071002318 _qpbk |
||
| 020 |
_a0071002316 _qpbk |
||
| 082 |
_a628 _bPEA |
||
| 100 | _aPeavy, Howard S. | ||
| 245 | _aEnvironmental engineering | ||
| 250 | _aInternational ed. 1985 | ||
| 260 |
_aSingapore _bMcGraw-Hill Book Company _c1985 |
||
| 300 | _axiv, 699, [I1-I20]p. ; 21 cm. | ||
| 440 | _aMcGraw-Hill series in water resources and environmental engineering | ||
| 653 | _aCivil Engineering | ||
| 653 | _aEnvironmental engineering | ||
| 653 | _aCE218 | ||
| 700 | _aRowe, Donald R. | ||
| 700 | _aTchobanoglous, George | ||
| 942 |
_2ddc _cBK |
||
| 999 |
_c57258 _d57258 |
||